Tusheti : tourist guide /

Hlavní autor: Horák, Slavomír, 1976-
Další autoři: Pešek, David, 1976-
Jazyk: Angličtina
Vydáno: Vrchlabí : Krkonose Mts National Park Administration, [2018]
Témata:
Fyzický popis: 80 stran : ilustrace (převážně barevné), mapy, portréty ; 22 cm
Knihy
Uloženo v:
LEADER 01666nam a2200469 i 4500
001 nkc20203242046
003 CZ PrNK
005 20210901090941.0
007 ta
008 200813t20182018xr abc e f 000 0 eng
015 |a cnb003242046 
020 |a 978-80-7535-083-1  |q (brožováno) 
035 |a (OCoLC)1267680517 
040 |a ABA001  |b cze  |e rda 
041 1 |a eng  |h cze 
043 |a a-gs--- 
072 7 |a 913(4)  |x Geografie Evropy, reálie, cestování  |2 Konspekt  |9 7 
080 |a 913(479.22)  |2 MRF 
080 |a (036)913  |2 MRF 
100 1 |a Horák, Slavomír,  |d 1976-  |7 js20030216020  |4 aut 
245 1 0 |a Tusheti :  |b tourist guide /  |c Slavomír Horák ; translated by: David Pešek 
264 1 |a Vrchlabí :  |b Krkonose Mts National Park Administration,  |c [2018] 
264 4 |c ©2018 
300 |a 80 stran :  |b ilustrace (převážně barevné), mapy, portréty ;  |c 22 cm 
336 |a text  |b txt  |2 rdacontent 
336 |a statický obraz  |b sti  |2 rdacontent 
337 |a bez média  |b n  |2 rdamedia 
338 |a svazek  |b nc  |2 rdacarrier 
500 |a Přeloženo z češtiny? 
500 |a Na obálce pod názvem: Georgia 
504 |a Obsahuje bibliografii 
651 7 |a Tušetie (Gruzie)  |7 ge1088096  |2 czenas 
651 9 |a Tusheti (Georgia)  |2 eczenas 
655 7 |a turistické průvodce  |7 fd133738  |2 czenas 
655 9 |a tourist guidebooks  |2 eczenas 
700 1 |a Pešek, David,  |d 1976-  |7 mzk2013776372  |4 trl 
910 2 |a BOA001  |b 2-1454.381 
928 9 |a Správa Krkonošského národního parku 
990 |a BK 
995 |a 01 
991 |b 202010  |c NOV 
996 6 |b 2610840311  |c 2-1454.381  |l MZK  |r Sklad / do 1 hodiny  |n 0  |p p.v.  |w 001828724  |u 000010  |a 1  |e BOA001  |j MZK50  |s P